| 000 | 00346nam a2200133Ia 4500 | ||
|---|---|---|---|
| 005 | 20251222141823.0 | ||
| 008 | 251222s9999||||xx |||||||||||||| ||spa|| | ||
| 020 | _a84-7908-349-2 | ||
| 082 | _a005.4/C29 | ||
| 100 | _aCarbonell Soto, Lorenzo | ||
| 245 | 0 | _aAprendizaje Práctico del Procesador de Textos | |
| 264 | _bTextos Docentes | ||
| 942 | _cLIB | ||
| 999 |
_c6860 _d6860 |
||